000 01254cam a22002778a 4500
005 20260322212057.0
008 data
010 _a 2008033415
020 _a9780307450579
020 _a0307450570
040 _aDLC
_cDLC
050 0 0 _aTT157
_b.M39145 2009
082 0 0 _a745.5
_222
092 _a745.5 M39145 2009
245 0 0 _aMartha Stewart's encyclopedia of crafts /
_cedited by Martha Stewart.
250 _a1st ed.
260 _aNew York :
_bPotter Craft,
_c2009.
263 _a0903
300 _ap. cm.
500 _aIncludes index.
505 0 _aAlbums and scrapbooks -- Beading -- Block printing -- Botanical pressing -- Botanical printing -- Calligraphy -- Candlemaking -- Clay -- Crepe paper and tissue paper -- Decoupage -- Etching glass -- Fabric flowers -- Gilding -- Glittering -- Jewelry making -- Marbleizing -- Matting and framing -- Mosaics -- Nature crafts -- Origami and paper folding -- Painting china and glass -- Paper cutting and punching -- Photo projects -- Pom-poms -- Quilling -- Rope crafts -- Rubber stamping -- Silkscreening -- Soap making -- Tin punching -- Wirework -- Wreaths -- Tools and materials.
650 0 _aHandicraft.
700 1 _aStewart, Martha.
730 0 _aMartha Stewart living.
001 data
999 _c1359
_d1359